Kanadské železnice. 2

Informačný systém marketingu v železničnej doprave. Systémy TRACS, YIS a INFORM. Systémy PC pre prevádzku kanadských železníc (CN). Ekonomické výhody systému. Riadiace pracovisko prevádzky CN a kontrolné centrum CN.

Saved in:
Bibliographic Details
Main Author: Stetulič, P.
Format: Book Chapter
Language:Slovak
Subjects:
Tags: Add Tag
No Tags, Be the first to tag this record!

MARC

LEADER 00000naa a2200000 4500
001 r017238
005 20221213113255.6
041 0 |a slo 
044 |a SK 
245 1 0 |a Kanadské železnice. 2  |c P. Stetulič 
520 |a Informačný systém marketingu v železničnej doprave. Systémy TRACS, YIS a INFORM. Systémy PC pre prevádzku kanadských železníc (CN). Ekonomické výhody systému. Riadiace pracovisko prevádzky CN a kontrolné centrum CN. 
610 2 0 |a doprava železničná 
610 2 0 |a Kanada 
610 2 0 |a systémy informačné 
610 2 0 |a marketing 
610 2 0 |a železnice 
100 1 |a Stetulič, P.